000
00313nam a2200109Ia 4500
008
200302s9999 xx 000 0 und d
100
_a
K. Ranga Rao & Othe
245
_a
Cities and Slums A Study of a Settement in the City of Vijayawada
260
_b
Concept Publishing Co. Ltd.
260
_c
1984
300
_a
117 P.,
999
_c
5560
_d
5560